Využitie leasingu pri financovaní nákupu majetku v podniku : Bakalárska práca

Guardado en:
Detalles Bibliográficos
Autor principal: Moncmanová, Adriana (Autor)
Otros Autores: Tureček, Karol (xxx)
Formato: Manuscrito Libro
Lenguaje:eslovaco
Publicado: Trnava : STU v Bratislave MtF KPIM, 2006
Materias:
Etiquetas: Agregar Etiqueta
Sin Etiquetas, Sea el primero en etiquetar este registro!

MARC

LEADER 00000ntm a22000003a 4500
001 stu129205
005 20160719155510.8
008 061103s2006----xo------------------slo-d
040 |a STU  |b slo 
041 0 |a slo 
044 |a xo 
100 1 |a Moncmanová, Adriana  |4 aut 
245 1 |a Využitie leasingu pri financovaní nákupu majetku v podniku :  |b Bakalárska práca 
260 |a Trnava :  |b STU v Bratislave MtF KPIM,  |c 2006 
300 |a 51 s  |c príl (1 CD-ROM) 
650 7 |a priemyselné inžinierstvo a manažment  |2 stusub 
650 7 |a financovanie podniku  |2 stusub 
700 1 |a Tureček, Karol  |4 xxx 
996 |b 284M074590  |c M*BP-1896  |l MMSKP  |s P  |a 0  |w stu129205_0001